Back to nature / (Record no. 92915)

MARC details
000 -LEADER
fixed length control field 00707nam a22002297a 4500
005 - DATE AND TIME OF LATEST TRANSACTION
control field 20150519125234.0
010 ## - LCCN (DPL NO)
LC control number ENG-112677
020 ## - INTERNATIONAL STANDARD BOOK NUMBER
Terms of availability 105.00
International Standard Book Number 8123763816
020 ## - INTERNATIONAL STANDARD BOOK NUMBER
International Standard Book Number 9788123763811
Terms of availability 105.00
035 ## - SYSTEM CONTROL NUMBER
System control number EN-96209
037 ## - SOURCE OF ACQUISITION
Source of stock number/acquisition DBAD/PUB
082 ## - DEWEY DECIMAL CLASSIFICATION NUMBER
Classification number 577
100 ## - MAIN ENTRY--PERSONAL NAME
Personal name Trehan, B.K.
245 00 - TITLE STATEMENT
Title Back to nature /
Statement of responsibility, etc by B.K. Trehan [and] Indu Trehan
Remainder of title
260 ## - PUBLICATION, DISTRIBUTION, ETC. (IMPRINT)
Place of publication, distribution, etc New Delhi
Name of publisher, distributor, etc National Book Trust
Date of publication, distribution, etc 2012
270 ## - ADDRESS
Address Nehru Bhawan, 5 Institutional area, Phase-ll Vasant Kunj
City New Delhi
Postal code 110070
300 ## - PHYSICAL DESCRIPTION
Extent xi,198p.
Dimensions 22cm(pbk)
490 ## - SERIES STATEMENT
Series statement Young India library
500 ## - GENERAL NOTE
General note Includes bibliographical references
700 ## - ADDED ENTRY--PERSONAL NAME
Personal name Trehan, Indu
942 ## - ADDED ENTRY ELEMENTS (KOHA)
Source of classification or shelving scheme Dewey Decimal Classification
Item type English Books
Call number suffix TRE
Classification part 577
Holdings
Withdrawn status Lost status Not for loan Collection code Home library Current library Date acquired Source of acquisition Cost, normal purchase price Full call number Barcode Copy number Cost, replacement price Koha item type
    Not For Loan Non-fiction D.B.Act.Division D.B.Act.Division 13/04/2015 DBAD/PUB 105.00 577 TRE EN-96209 1 105.00 English Books

© Delhi Public Library
Hit Counter
free hit counter